02219nam a2200433 a 4500001001200000003000800012006001900020007001500039008004100054010001700095020002800112020001500140020001800155020002700173040002100200035002100221050002200242082001200264245023200276260005500508300001900563490014000582500012200722504005100844505014100895533015201036650003501188650003801223650003501261650004001296655002901336700002001365700001801385700002101403710001701424711008701441830013101528856012601659ebr10482365CaPaEBRm u cr cn|||||||||990712s1999 ne a sb 101 0 eng d z 99039724  z1556198671 (alk. paper) z9027236569 z9789027236562 z9789027284006 (e-book) aCaPaEBRcCaPaEBR a(OCoLC)74685004614aP165b.C85 1999eb04a41522100aCultural, psychological, and typological issues in cognitive linguisticsh[electronic resource] :bselected papers of the bi-annual ICLA meeting in Albuquerque, July 1995 /cedited by Masako Hiraga, Chris Sinha, Sherman Wilcox. aAmsterdam ;aPhiladelphia :bJ. Benjamins,cc1999. a338 p. :bill.1 aAmsterdam studies in the theory and history of linguistic science. Series IV, Current issues in linguistic theory,x0304-0763 ;vv. 152 aSelected papers of the 4th International Cognitive Linguistics Conference, held July 1995 in Albuquerque, New Mexico. aIncludes bibliographical references and index.0 apt. 1. Cultural patterns, language and cognition -- pt. 2. Psycholinguistic and neurolinguistic approaches -- pt. 3. Typological issues. aElectronic reproduction.bPalo Alto, Calif. :cebrary,d2013.nAvailable via World Wide Web.nAccess may be limited to ebrary affiliated libraries. 0aCognitive grammarvCongresses. 0aLanguage and culturevCongresses. 0aPsycholinguisticsvCongresses. 0aTypology (Linguistics)vCongresses. 7aElectronic books.2local1 aHiraga, Masako.1 aSinha, Chris.1 aWilcox, Sherman.2 aebrary, Inc.2 aInternational Cognitive Linguistics Conferencen(4th :d1995 :cAlbuquerque, N.M.) 0aAmsterdam studies in the theory and history of linguistic science.nSeries IV,pCurrent issues in linguistic theory ;vv. 152.40uhttp://site.ebrary.com/lib/rucke/Doc?id=10482365zAn electronic book accessible through the World Wide Web; click to view